000 00924cam a22002651 4500
001 1007
003 BD-RjUL
005 20211208233249.0
008 131124r19681963inu b 000 0 eng d
035 _a(BD-RjUL)1029
035 _a(OCoLC)6471051
040 _aDLC
_cArU
_dOCoLC
_dBD-RjUL
_beng
041 _aeng
082 4 _222
_a401
_bDUL 1968
100 1 _aDufrenne, Mikel.
_92969
245 1 0 _aLanguage & philosophy /
_cMikel Dufrenne ; Translated by Henry B. Veatch. With a foreword by Paul Henle.
260 _aNewyork:
_bGreenwood Press ,
_cc1963. [Reprinted 1968]
300 _a106 p. ;
_c21 cm.
500 _a"Presented as public lectures at Indiana University in the fall of 1959 under the auspices of the Mahlon Powell Foundation."
504 _aIncludes Bibliographical reference.
650 0 _aLanguage and languages
_xPhilosophy.
_92970
942 _2ddc
_cBK
999 _c1007
_d1007